000 00438nam a22001937a 4500
003 MPLRDC
005 20220104143904.0
008 210129b ||||| |||| 00| 0 eng d
020 _a957-467-381-2
082 _a857.7 MLS v.50
100 _a可艾 著
245 _a天堂
_c
250 _a第一版
260 _a
_b梦工厂
_c2001
300 _b
490 _a麻辣SHOP系列; 50
650 _a
942 _cBK
_o857.7 MLS v.50
999 _c44333
_d44323